[Event "CZE-ch U16"]
[Site "Svetla"]
[Date "1994.??.??"]
[Round "?"]
[White "Novosak, Jiri"]
[Black "Kulhanek, Tomas"]
[Result "1/2-1/2"]
[WhiteElo "2040"]
[BlackElo "2115"]

1.e4 c5 2.Nf3 d6 3.Bb5+ Bd7 4.Bxd7+ Qxd7 5.c4 Nf6 6.Nc3 g6 7.O-O Nc6 8.d4 cxd4
9.Nxd4 Bg7 10.Nde2 O-O 11.f3 Rfc8 12.Bg5 Qd8 13.b3 Qa5 14.Qd2 a6 15.Rac1 b5
16.Nd5 Qxd2 17.Bxd2 Nxd5 18.cxd5 Nd4 19.Kf2 Nc2 20.Rfd1 a5 21.Bg5 Kf8 22.Rd2 Nb4
23.Rxc8+ Rxc8 24.Be3 Rc2 25.Rxc2 Nxc2 26.a4 bxa4 27.bxa4 Na3 28.Nd4 Nc4 29.Nc6 Nb2  1/2-1/2

[Event "CZE-ch U16"]
[Site "Svetla"]
[Date "1994.??.??"]
[Round "?"]
[White "Neuman, Petr"]
[Black "Cvek, Robert"]
[Result "0-1"]
[WhiteElo "2075"]
[BlackElo "2150"]

1.e4 c5 2.Nf3 d6 3.Bb5+ Nc6 4.O-O Bg4 5.h3 Bxf3 6.Qxf3 a6 7.Bxc6+ bxc6 8.b3 e5
9.d3 Ne7 10.Nd2 Ng6 11.Nc4 Be7 12.g3 O-O 13.h4 d5 14.Ne3 d4 15.Nf5 Bf6 16.Qg4 Ne7
17.Nxe7+ Qxe7 18.Kg2 Rab8 19.Rh1 Kh8 20.Bg5 Qd6 21.Raf1 Rb7 22.f4 exf4 23.Bxf4 Qd7
24.Qxd7 Rxd7 25.Rf3 Kg8 26.Rhf1 Be7 27.Bc1 Bd6 28.Rf5 Re8 29.h5 Re6 30.Ba3 g6
31.hxg6 hxg6 32.Rf6 Kg7 33.Rxe6 fxe6 34.e5 Bxe5 35.Bxc5 Rd5 36.Bf8+ Kg8 37.Be7 Bg7
38.a4 Rf5 39.Rf3 Kf7 40.Bb4 Kf6 41.Bd6 Kg5 42.g4 Kxg4 43.Rg3+ Kh5 44.Rh3+ Kg5
45.Be7+ Bf6 46.Rh7 Bxe7 47.Rxe7 Kf6 48.Ra7 a5 49.Ra6 Rc5 50.Kf3 e5 51.Ke4 Rxc2
52.Rxa5 Re2+ 53.Kf3 Re3+ 54.Kf2 Rxd3 55.Rc5 Rxb3 56.Rxc6+ Kf5 57.a5 Ra3 58.Ra6 g5
59.Ra8 Ke4 60.a6 Kd3 61.a7 e4  0-1

[Event "SVK-chT"]
[Site "?"]
[Date "1994.??.??"]
[Round "?"]
[White "Petrik, Stanislav"]
[Black "Pasko, Peter"]
[Result "1/2-1/2"]
[WhiteElo "2285"]
[BlackElo "2220"]

1.e4 c5 2.Nf3 d6 3.Bb5+ Bd7 4.Bxd7+ Qxd7 5.O-O Nc6 6.c3 Nf6 7.Re1 e5 8.d4 h6
9.Nbd2 cxd4 10.cxd4 Be7 11.d5 Nb4 12.a3 Nd3 13.Re3 Nf4 14.h3 Bd8 15.Nf1 Bb6
16.Re1 N6h5 17.Be3 O-O 18.Bxb6 axb6 19.Ng3 Nxg3 20.fxg3 Ng6 21.Qb3 b5 22.Rac1 f5
23.exf5 Qxf5 24.Qc2 Qxc2 25.Rxc2 Rac8 26.Rec1 Ne7 27.Rc7 Rfe8 28.Nd2 Rxc7
29.Rxc7 Nxd5 30.Rd7 Re6 31.Ne4 Nb6 32.Rxd6 Rxd6 33.Nxd6 Nc4 34.Nxb5 Nxb2
35.Kf2 Kf8 36.Ke3 Ke7 37.Ke4 Ke6 38.Nc7+ Kd7 39.Nb5 Ke6 40.g4 Nc4 41.Kd3 Nd6
42.Nc3 Ne8 43.Ne4 Kd5 44.g5 h5 45.h4 Nd6 46.Ng3 g6 47.Ne2 e4+ 48.Kc3 Ke5
49.a4 Nf5 50.g3 Ne7 51.Kc4 Nd5 52.a5 Ne7 53.Kc5 e3 54.Kb6 Nc6 55.a6 bxa6
56.Kxc6 a5 57.Kb5 Kf5 58.Kxa5 Kg4 59.Kb4 Kf3 60.Nd4+ Kxg3 61.Kc3 Kxh4 62.Kd3 Kxg5  1/2-1/2

[Event "SVK-chT"]
[Site "?"]
[Date "1994.??.??"]
[Round "?"]
[White "Valent, Ivan"]
[Black "Blaho, Stefan"]
[Result "1/2-1/2"]
[WhiteElo "2200"]
[BlackElo "2170"]

1.e4 c5 2.Nf3 d6 3.Bb5+ Bd7 4.Bxd7+ Qxd7 5.c4 Nc6 6.O-O Ne5 7.d3 Nxf3+ 8.Qxf3 g6
9.Nc3 Bg7 10.Rb1 e6 11.Bf4 Ne7 12.Nb5 e5 13.Bg5 Nc6 14.Nc3 O-O 15.Nd5 f5
16.Qh3 Rf7 17.a3 Raf8 18.b4 fxe4 19.Qxd7 Rxd7 20.dxe4 Kf7 21.f3 Ke6 22.Rf2 Rff7
23.b5 h6 24.Be3 Nd4 25.Rfb2 Rd8 26.a4 Bf8 27.a5 Rh7 28.Kf2 Be7 29.h3 Rc8
30.Ke1 Bd8 31.Ra1 Bh4+ 32.Kd2 h5 33.Kd3 Rf7 34.Rh1 Bd8 35.Rf1 Bxa5 36.Ra1 Bb6
37.Ra3 Rd8 38.Rba2 Rb8 39.Nxb6 axb6 40.Ra8 Rff8 41.Rxb8 Rxb8 42.Ra7 Kd7 43.Bg5 Kc7
44.h4 Rf8 45.Ra3 Kd7 46.Ra7 Kc7 47.Ra3 Kd7 48.Ra7 Kc7 49.Ra3  1/2-1/2

[Event "SVK-chT"]
[Site "?"]
[Date "1994.??.??"]
[Round "?"]
[White "Franzen, Josef"]
[Black "Veres, Robert"]
[Result "1/2-1/2"]
[WhiteElo "2310"]
[BlackElo "2270"]

1.e4 c5 2.Nf3 d6 3.Bb5+ Bd7 4.Bxd7+ Nxd7 5.c4 Ngf6 6.Nc3 g6 7.d4 cxd4 8.Nxd4 Bg7
9.Be3 Qa5 10.Qd2 Rc8 11.b3 Ng4 12.Bg5 Rc5 13.h4 h6 14.Rb1 Qb4 15.Bxe7 Re5
16.f3 Rxe7 17.fxg4 Nc5 18.O-O Nxe4 19.Nxe4 Qxd2 20.Nxd2 Bxd4+ 21.Kh2 O-O
22.Nf3  1/2-1/2

[Event "SVK-chT"]
[Site "?"]
[Date "1994.??.??"]
[Round "?"]
[White "Franzen, Josef"]
[Black "Janko, Ladislav"]
[Result "1-0"]
[WhiteElo "2310"]
[BlackElo "2155"]

1.e4 c5 2.Nf3 d6 3.Bb5+ Bd7 4.Bxd7+ Qxd7 5.c4 Nf6 6.Nc3 Qg4 7.O-O Nxe4 8.Qb3 Nxc3
9.Qxb7 Ne2+ 10.Kh1 Nf4 11.Ne1 e5 12.Qxa8 Qc8 13.d4 Ne6 14.dxe5 dxe5 15.f4 Bd6
16.fxe5 Bxe5 17.Nd3 Bd4 18.Qxa7 O-O 19.Qa8 Qc7 20.Qe4 Nd7 21.Bd2 Nf6 22.Qh4 Rd8
23.Rad1 Qb7 24.Bc3 Bxc3 25.bxc3 Ne4 26.Nxc5 Rxd1 27.Rxd1 N4xc5 28.Rd8+ Nf8
29.Rxf8+  1-0

[Event "SVK-chT"]
[Site "?"]
[Date "1994.??.??"]
[Round "?"]
[White "Kotan, Ladislav"]
[Black "Golod, Vitali"]
[Result "0-1"]
[WhiteElo "2315"]
[BlackElo "2490"]

1.e4 c5 2.Nf3 d6 3.Bb5+ Bd7 4.Bxd7+ Qxd7 5.O-O Nc6 6.c4 Ne5 7.d3 Nxf3+ 8.Qxf3 g6
9.Nc3 Bg7 10.Be3 Nf6 11.d4 Ng4 12.dxc5 dxc5 13.Rad1 Qc8 14.Bf4 Ne5 15.Qg3 Nc6
16.Nd5 O-O 17.Bg5 f6 18.Be3 b6 19.f4 e6 20.Nc3 f5 21.e5 Rd8 22.b3 a6 23.Qf3 Nd4
24.Qf2 Bf8 25.Kh1 Rd7 26.Na4 Qc7 27.Rd3 b5 28.Nc3 bxc4 29.bxc4 Rad8 30.Rfd1 Qb7
31.Rb1 Qc6 32.h3 Be7 33.Qb2 Kf7 34.Ne2 Nxe2 35.Rxd7 Ng3+ 36.Kh2 Rxd7 37.Kxg3 Qe4
38.Re1 Rd3 39.Qe2 Rc3 40.Kf2 Rc2  0-1

[Event "SVK-chT"]
[Site "?"]
[Date "1994.??.??"]
[Round "13"]
[White "Golod, Vitali"]
[Black "Stohl, Igor"]
[Result "1/2-1/2"]
[WhiteElo "2490"]
[BlackElo "2545"]

1.e4 c5 2.Nf3 d6 3.Bb5+ Bd7 4.Bxd7+ Qxd7 5.O-O Nf6 6.Re1 Nc6 7.d4 cxd4 8.Nxd4 g6
9.Nxc6 bxc6 10.b3 Bg7 11.Bb2 O-O 12.c4 Rfd8 13.Nc3 Ne8 14.Qd2 Nc7 15.Rad1 Ne6  1/2-1/2

[Event "SWZ-chT"]
[Site "SWZ"]
[Date "1994.??.??"]
[Round "4"]
[White "Bichsel, Walter"]
[Black "Gallagher, Joseph G"]
[Result "0-1"]
[WhiteElo "2325"]
[BlackElo "2490"]

1.e4 c5 2.Nf3 d6 3.Bb5+ Nd7 4.d4 Nf6 5.Nc3 a6 6.Bxd7+ Nxd7 7.Be3 cxd4 8.Qxd4 e6
9.O-O-O Qa5 10.Kb1 b5 11.e5 b4 12.Ne4 d5 13.Nd6+ Bxd6 14.exd6 O-O 15.Bd2 Rb8
16.a3 f6 17.Bxb4 Qb5 18.Qd3 Qb7 19.Qc3 e5 20.Qc7 Qb5 21.c4 Qxc4 22.Qxc4 dxc4
23.Nd2 Bb7 24.f3 Rfc8 25.Rc1 Bd5 26.Rhd1 Kf7 27.Nf1 Be6 28.Ne3 Rb5 29.Bc3 Nc5
30.Nxc4 Bxc4 31.Bb4 Nd7 32.b3 Bxb3  0-1

[Event "SWZ-chT"]
[Site "SWZ"]
[Date "1994.??.??"]
[Round "7"]
[White "Domont, Alexandre"]
[Black "Landenbergue, Claude"]
[Result "0-1"]
[WhiteElo "2305"]
[BlackElo "2390"]

1.e4 c5 2.Nf3 d6 3.Bb5+ Bd7 4.Bxd7+ Nxd7 5.O-O Ngf6 6.Qe2 e6 7.c4 Be7 8.b3 O-O
9.Bb2 a6 10.Nc3 Qc7 11.Rae1 Rfe8 12.Kh1 Rad8 13.Ng5 h6 14.Nh3 Nh7 15.f4 Bf6
16.Ng1 Nhf8 17.Nf3 Ng6 18.g3 Qc6 19.h4 b5 20.h5 Ngf8 21.Kh2 b4 22.Nd1 e5
23.d3 Ne6 24.Bc1 a5 25.f5 Nd4 26.Nxd4 exd4 27.Nf2 Ne5 28.Nh3 a4 29.Rg1 axb3
30.axb3 Ra8 31.g4 Ra1 32.g5 hxg5 33.Bxg5 Rxe1 34.Rxe1 Bxg5 35.Nxg5 Qc7 36.Rg1 Qe7
37.h6 Qf6 38.hxg7 Qh6+ 39.Nh3 f6 40.Ra1 Kh7 41.Kg2 Rg8 42.Ra7 Rxg7+ 43.Rxg7+ Kxg7
44.Qf2 Kf7 45.Qg3 Qc1 46.Nf4 Qc2+ 47.Kh3 Qd1 48.Qg2 Qc1 49.Qf2 Qh1+ 50.Kg3 Qd1
51.Kh2  0-1

[Event "Szekszard op"]
[Site "Szekszard"]
[Date "1994.??.??"]
[Round "3"]
[White "Chernyshov, Konstantin"]
[Black "Videki, Sandor"]
[Result "1-0"]
[WhiteElo "2485"]
[BlackElo "2435"]

1.e4 c5 2.Nf3 d6 3.Bb5+ Nd7 4.a4 Nf6 5.Nc3 e6 6.O-O Be7 7.d3 a6 8.Bc4 b6
9.d4 O-O 10.e5 Ne8 11.d5 Nxe5 12.Nxe5 dxe5 13.dxe6 Bxe6 14.Qxd8 Bxd8 15.Bxe6 fxe6
16.Re1 Bf6 17.Be3 a5 18.Rad1 Ra7 19.Nb5 Rb7 20.Re2 Kf7 21.Red2 Ke7 22.b3 h6
23.Na3 e4 24.Nc4 Bc3 25.Rd8 Bd4 26.Bxd4 cxd4 27.R1xd4 Nf6 28.Rxf8 Kxf8 29.Kf1 Ke7
30.Ke1 g5 31.h3 Rb8 32.g3 Rb7 33.Kd1 Rb8 34.Kd2 Rb7 35.Ne5 Rc7 36.Ng4 Nxg4
37.hxg4 Rc8 38.Rxe4 Rf8 39.Ke3 Kd6 40.Rd4+ Kc6 41.Rd2  1-0

[Event "Szekszard op"]
[Site "Szekszard"]
[Date "1994.??.??"]
[Round "5"]
[White "Chernyshov, Konstantin"]
[Black "Kosanovic, Goran A"]
[Result "1-0"]
[WhiteElo "2485"]
[BlackElo "2385"]

1.e4 c5 2.Nf3 d6 3.Bb5+ Bd7 4.a4 Nc6 5.O-O a6 6.Bc4 Nf6 7.Nc3 e6 8.d3 Be7
9.Be3 O-O 10.Qe2 Ng4 11.Bf4 Nge5 12.Nxe5 dxe5 13.Bg3 Nd4 14.Qd2 b5 15.Ba2 b4
16.Ne2 Bg5 17.Qd1 Bxa4 18.Bb1 Bb5 19.Bxe5 Nxe2+ 20.Qxe2 Bf6 21.Bxf6 Qxf6
22.e5 Qf4 23.c3 a5 24.g3 Qg5 25.h4 Qe7 26.Rd1 Rfd8 27.Qe4 g6 28.Ba2 Qc7 29.h5 Bc6
30.Qf4 Bb7 31.Kf1 Bd5 32.h6 Qe7 33.Bxd5 Rxd5 34.d4 bxc3 35.bxc3 cxd4 36.Rxd4 Rxd4
37.cxd4 a4 38.Qe4 Qe8 39.Qb7 a3 40.d5 exd5 41.e6 Rd8 42.Qc7 Ra8 43.e7 f6
44.Qd6 a2 45.Rxa2 Rxa2 46.Qe6+  1-0

[Event "ISR-ch"]
[Site "Tel Aviv"]
[Date "1994.??.??"]
[Round "2"]
[White "Zoler, Dan"]
[Black "Lederer, Yoav"]
[Result "1-0"]
[WhiteElo "2420"]
[BlackElo "2250"]

1.e4 c5 2.Nf3 d6 3.Bb5+ Bd7 4.Bxd7+ Qxd7 5.c4 g6 6.Nc3 Bg7 7.d4 cxd4 8.Nxd4 Nc6
9.Be3 Nf6 10.f3 O-O 11.O-O a6 12.Rc1 Rab8 13.b3 Rfc8 14.Qd2 b5 15.cxb5 Nxd4
16.Bxd4 axb5 17.Rfd1 Qb7 18.g3 b4 19.Na4 Nd7 20.Bxg7 Kxg7 21.Rxc8 Rxc8 22.Rc1 Ne5
23.Rf1 f5 24.Qd4 Kf7 25.Rf2 fxe4 26.fxe4+ Kg7 27.Kg2 Qb5 28.Nb6 Rf8 29.Rxf8 Kxf8
30.Nd5 Qc5 31.Qd2 Nc6 32.Qf4+ Ke8 33.Qg4 Nd4 34.Qh4 Nf5 35.Qxh7 Qc2+ 36.Kh3 Qxe4
37.Qxg6+ Kd7 38.Qf7 Qf3 39.Nf6+ Kc7 40.Qc4+ Kd8 41.Qg8+ Kc7 42.Qc4+ Kd8 43.Nd5 e5
44.Qc7+ Ke8 45.Qb8+ Kf7 46.Qb7+ Kf8 47.Qc8+ Kg7 48.Qd7+ Kf8 49.Qc8+ Kg7 50.Qd7+ Kh6
51.Qe6+ Kg7 52.Qf6+ Kh7 53.Qf7+ Kh6 54.Qf8+ Kh7 55.Qf7+ Kh6 56.Ne3 Nd4 57.Qxf3 Nxf3
58.Nf5+ Kg5 59.Nxd6 Ng1+ 60.Kg2 Ne2 61.Nc4 e4 62.Kf2 Nc1 63.Nd6 Nxa2 64.Nxe4+ Kg4
65.Ke3  1-0

[Event "ISR-ch"]
[Site "Tel Aviv"]
[Date "1994.??.??"]
[Round "3"]
[White "Oratovsky, Michael"]
[Black "Uritzky, Maxim"]
[Result "1-0"]
[WhiteElo "2520"]
[BlackElo "2365"]

1.e4 c5 2.Nf3 d6 3.Bb5+ Bd7 4.Bxd7+ Nxd7 5.c4 Ngf6 6.Nc3 g6 7.d4 cxd4 8.Nxd4 Bg7
9.O-O O-O 10.b3 Nc5 11.f3 Nfd7 12.Be3 Ne5 13.Qd2 Nc6 14.Rfd1 Ne6 15.Nde2 Qa5
16.Rac1 Rfc8 17.Qc2 Nc7 18.Kh1 Ne5 19.Qd2 Ne6 20.Qc2 Qd8 21.Qb1 Qf8 22.Nd5 Nc6
23.b4 b6 24.a4 Rab8 25.Qa2 Rb7 26.f4 Nc7 27.Qa3 Ne8 28.a5 bxa5 29.b5 Nb8
30.Qxa5 e6 31.b6 a6 32.Nb4 Nf6 33.Ng3 h5 34.e5 dxe5 35.fxe5 Ng4 36.Bd4 Qe7
37.h3 Qh4 38.Ne4 Nxe5 39.Bxe5 Qxe4 40.Bxb8 Rcxb8 41.c5 Bb2 42.Rb1 Be5 43.Nd3 Bg3
44.Qb4 Qc6 45.Qd4 Rc8 46.Rdc1 a5 47.Qe3 Bb8 48.Ne5 Bxe5 49.Qxe5 Rd8 50.Rd1 Rd5
51.Rxd5 exd5 52.Qd4 a4 53.Ra1 Re7 54.Qxa4 Re1+ 55.Kh2 Qe6 56.Rxe1 Qxe1 57.Qf4 Qb4
58.Qc7 d4 59.b7  1-0

[Event "ISR-ch"]
[Site "Tel Aviv"]
[Date "1994.??.??"]
[Round "7"]
[White "Boim, Inon"]
[Black "Stisis, Yaacov"]
[Result "0-1"]
[WhiteElo "2365"]
[BlackElo "2400"]

1.e4 c5 2.Nf3 d6 3.Bb5+ Nc6 4.O-O Bd7 5.Re1 a6 6.Bxc6 Bxc6 7.d4 cxd4 8.Qxd4 Nf6
9.Bg5 e6 10.c4 Be7 11.Nc3 O-O 12.b4 h6 13.Bh4 Qc7 14.Rac1 Bd7 15.Red1 Rfd8
16.Bg3 e5 17.Qd3 Be6 18.Nd5 Bxd5 19.cxd5 Qb6 20.Nd2 Qxb4 21.Rb1 Qa4 22.f4 exf4
23.Bxf4 Rac8 24.Rb3 b5 25.Re1 Qxa2 26.Qh3 Rc2 27.Rg3 Rxd2 28.Rxg7+ Kxg7 29.Qxh6+ Kg8
30.Bxd2 Ng4 31.Qf4 Ne5 32.Qh6 Ng4 33.Qf4 Ne5 34.Qh6 Rc8 35.Re3 Qa1+ 36.Be1 Ng4
37.Qh3 Nxe3 38.Qxc8+ Bf8 39.Kf2 Qd4 40.Bc3 Nd1+  0-1

[Event "ISR-ch"]
[Site "Tel Aviv"]
[Date "1994.??.??"]
[Round "10"]
[White "Oratovsky, Michael"]
[Black "Soffer, Ram"]
[Result "1/2-1/2"]
[WhiteElo "2520"]
[BlackElo "2515"]

1.e4 c5 2.Nf3 d6 3.Bb5+ Nd7 4.O-O a6 5.Bxd7+ Bxd7 6.d4 cxd4 7.Qxd4 e5 8.Qd3 h6
9.c4 Nf6 10.Nc3 Be7 11.a4 O-O 12.b3 b5 13.axb5 axb5 14.Rxa8 Qxa8 15.cxb5 Rb8
16.Be3 Bxb5 17.Nxb5 Qa6 18.Rc1 Qxb5 19.Qxb5 Rxb5 20.Rc7 Bf8 21.Nd2 d5 22.exd5 Nxd5
23.Rc8 f6 24.Kf1 Kf7 25.Ke2 Bb4 26.Nc4 Be7 27.Nd2 f5 28.g3 h5 29.Nc4 Nxe3
30.Nxe3 f4  1/2-1/2

[Event "Ticino op"]
[Site "Ticino"]
[Date "1994.??.??"]
[Round "3"]
[White "Bianco, Valerio"]
[Black "Gallagher, Joseph G"]
[Result "0-1"]
[WhiteElo "2220"]
[BlackElo "2470"]

1.e4 c5 2.Nf3 d6 3.Bb5+ Nd7 4.c3 Nf6 5.Qe2 a6 6.Ba4 e6 7.O-O b5 8.Bc2 Bb7
9.d4 Be7 10.e5 dxe5 11.dxe5 Bxf3 12.gxf3 Nd5 13.f4 O-O 14.f5 exf5 15.Bxf5 Qc7
16.Qd3 g6 17.Qxd5 gxf5 18.Bh6 Nxe5 19.Bxf8 Rxf8 20.f4 Ng4 21.Qf3 Rd8 22.Na3 c4
23.h3 Qb6+ 24.Kh1 Rd2 25.Qg3 Qc6+ 26.Rf3 Rh2+ 27.Kg1 Bc5+ 28.Kf1 Rh1+ 29.Kg2 Rxa1
30.hxg4 Rg1+  0-1

[Event "Tiraspol"]
[Site "Tiraspol"]
[Date "1994.??.??"]
[Round "1"]
[White "Vasiukov, Evgeni"]
[Black "Arbakov, Valentin"]
[Result "0-1"]
[WhiteElo "2505"]
[BlackElo "2575"]

1.e4 c5 2.Nf3 d6 3.Bb5+ Bd7 4.Bxd7+ Qxd7 5.c4 Nc6 6.d4 cxd4 7.Nxd4 Nf6 8.Nc3 e6
9.O-O Be7 10.Be3 O-O 11.Qe2 Rfc8 12.Rad1 Nxd4 13.Bxd4 Qc6 14.b3 a6 15.f4 Nd7
16.Rd3 Bf6 17.Bxf6 Nxf6 18.Rfd1 Ne8 19.f5 b5 20.fxe6 fxe6 21.cxb5 axb5 22.e5 d5
23.Qg4 Rab8 24.h4 Nc7 25.Rg3 Qc5+ 26.Kh2 Qe7 27.Rc1 b4 28.Ne2 Nb5 29.Rxc8+ Rxc8
30.Nf4 Nc7 31.h5 Rf8 32.Ng6 hxg6 33.hxg6 Rf1 34.Qh5 Qc5 35.Qh7+ Kf8 36.Qh8+ Ke7
37.Qxg7+ Kd8 38.Qh8+ Kd7 39.g7 Qc1 40.Rg4 Qe1 41.Qd8+ Kxd8 42.g8=Q+ Ne8  0-1

[Event "Tiraspol"]
[Site "Tiraspol"]
[Date "1994.??.??"]
[Round "6"]
[White "Nevednichy, Vladislav"]
[Black "Arbakov, Valentin"]
[Result "0-1"]
[WhiteElo "2480"]
[BlackElo "2575"]

1.e4 c5 2.Nf3 d6 3.Bb5+ Bd7 4.Bxd7+ Qxd7 5.c4 Nc6 6.Nc3 Ne5 7.Nxe5 dxe5 8.Qh5 Qd6
9.Nb5 Qb8 10.d3 a6 11.Nc3 e6 12.O-O Nf6 13.Qe2 Bd6 14.Bd2 O-O 15.Rae1 Nd7
16.g3 b5 17.g4 Rd8 18.b3 Nf8 19.Be3 Ng6 20.cxb5 axb5 21.a4 bxa4 22.bxa4 Nf4
23.Bxf4 exf4 24.e5 Be7 25.Rb1 Qc8 26.Qf3 Rd4 27.Ne2 Rdxa4 28.Nxf4 h6 29.h3 Rb4
30.Ra1 Raa4 31.Rxa4 Rxa4 32.Kg2 Qd8 33.Rd1 Rd4 34.Ne2 Rd5 35.Qe4 Bf8 36.f4 Qb6
37.Qc4 g5 38.d4 Qb2 39.Kf3 Qb7 40.Kg3 Qd7 41.Nc3 gxf4+ 42.Kxf4 Rxd4+ 43.Rxd4 cxd4
44.Ne4 Be7 45.Kf3 d3 46.Qc1 Kg7 47.Kg3 Qd4 48.Qf4 d2  0-1

[Event "Val Thorens Principal"]
[Site "Val Thorens"]
[Date "1994.??.??"]
[Round "2"]
[White "Chernov, Vadim"]
[Black "Mollov, Elin"]
[Result "1/2-1/2"]
[WhiteElo "2420"]
[BlackElo "2370"]

1.e4 c5 2.Nf3 d6 3.Bb5+ Bd7 4.Bxd7+ Qxd7 5.c4 g6 6.Nc3 Bg7 7.d4 cxd4 8.Nxd4 Nc6
9.Nde2 Nf6 10.f3 O-O 11.O-O a6 12.a4 e6 13.Bg5 Qc7 14.b3 Nd7 15.Be3 Nc5 16.Rb1 Nb4
17.Qd2 Rfd8 18.Na2 Nxa2 19.Qxa2 b5 20.cxb5 axb5 21.Rbc1 Qb7  1/2-1/2

[Event "Vantaa op2"]
[Site "Vantaa"]
[Date "1994.??.??"]
[Round "3"]
[White "Koskinen, Henri"]
[Black "Veingold, Aleksandr"]
[Result "1-0"]
[WhiteElo "2275"]
[BlackElo "2465"]

1.e4 c5 2.Nf3 d6 3.Bb5+ Bd7 4.Bxd7+ Nxd7 5.O-O Ngf6 6.Qe2 e6 7.b3 Be7 8.Bb2 O-O
9.c4 a6 10.d4 cxd4 11.Nxd4 Qb6 12.Kh1 Rfe8 13.f4 d5 14.e5 Ne4 15.cxd5 exd5
16.Nd2 Ndc5 17.Nf5 Bf8 18.Bd4 Qb5 19.Qxb5 axb5 20.Nxe4 Nxe4 21.Rfc1 Rec8
22.g3 Rc6 23.Be3 b4 24.Bd4 Rac8 25.Rd1 g6 26.Nd6 Nxd6 27.exd6 Rxd6 28.Rd2 f6
29.Rad1 Kf7 30.Kg2 Be7 31.Kf3 Ra6 32.Be3 Ra5 33.Bb6 Rb5 34.Be3 Rd8 35.Rc1 Bd6
36.Bd4 Ke6 37.Re2+ Kd7 38.Bxf6 Ra8 39.Rcc2 Rba5 40.Bd4 b5 41.h4 R5a6 42.h5 Rg8
43.Rh2 g5 44.Rhe2 g4+ 45.Ke3 Rc6 46.Rxc6 Kxc6 47.Kd3 Kd7 48.Be5 Rc8 49.Kd4 Rc3
50.Kxd5 Rxg3 51.Bxd6 Rd3+ 52.Kc5 Rxd6 53.Rg2 Rh6 54.Rxg4 Rxh5+ 55.Kxb4 Rf5
56.Rg7+ Kc6 57.Rxh7 Rxf4+ 58.Ka5 b4 59.Rh6+ Kc7 60.Rh2 Kc6 61.Rc2+ Kd7 62.Kb5 Rd4
63.Rh2 Kd6 64.Rh8 Rf4 65.Ra8 Kc7 66.Ra4 Kb7 67.Rxb4 Rf5+ 68.Kc4+ Kc6 69.Rb8 Rf4+
70.Kc3 Rf3+ 71.Kb4 Kc7 72.Rb5 Kc6 73.Rc5+ Kb6 74.Rc4 Rh3 75.Re4 Rg3 76.a4 Rh3
77.Kc4 Rh6 78.b4 Rc6+ 79.Kd5 Rc1 80.Re6+ Kb7 81.a5 Rc2 82.b5 Rd2+ 83.Kc5 Rc2+
84.Kb4 Rb2+ 85.Kc4 Rc2+ 86.Kb3 Rc1 87.Re7+ Kb8 88.Kb4 Rh1 89.a6 Rh6 90.Ka5 Rh5
91.Re6 Ka7 92.Rc6 Rg5 93.Rc7+ Kb8 94.Rd7 Rh5 95.Kb6 Rh6+ 96.Kc5 Rh5+ 97.Kc6 Rh6+
98.Rd6 Rh8 99.b6 Rc8+ 100.Kb5 Rh8 101.Kc5  1-0

[Event "Vantaa op2"]
[Site "Vantaa"]
[Date "1994.??.??"]
[Round "5"]
[White "Westerinen, Heikki MJ"]
[Black "Yrjola, Jouni"]
[Result "1/2-1/2"]
[WhiteElo "2355"]
[BlackElo "2440"]

1.e4 c5 2.Nf3 d6 3.Bb5+ Nc6 4.O-O Bd7 5.c3 Nf6 6.Re1 a6 7.Ba4 b5 8.Bc2 Bg4
9.d3 e6 10.Nbd2 Be7 11.h3 Bh5 12.Nf1 Nd7 13.Ng3 Bg6 14.d4 O-O 15.Bf4  1/2-1/2

[Event "Balkaniad"]
[Site "Varna"]
[Date "1994.??.??"]
[Round "1"]
[White "Cozianu, Costin"]
[Black "Gurcan, Selim"]
[Result "1-0"]
[WhiteElo "2295"]
[BlackElo "2205"]

1.e4 c5 2.Nf3 d6 3.Bb5+ Bd7 4.Bxd7+ Qxd7 5.O-O Nf6 6.e5 dxe5 7.Nxe5 Qd6 8.Nc4 Qd7
9.Ne5 Qd6 10.d4 Qxd4 11.Qe2 Nbd7 12.Nxd7 Qxd7 13.Bg5 e6 14.Bxf6 gxf6 15.Nc3 Qc6
16.Rad1 Be7 17.Qh5 Rg8 18.g3 Rg7 19.Rfe1 Kf8 20.Re3 f5 21.Red3 Bf6 22.Rd6 Qc7
23.Rd7 Qb6 24.Qh6 Bd4 25.Ne2 Rd8 26.Rxd8+ Qxd8 27.Rd2 Qb6 28.c3 Be5 29.Nf4 Bxf4
30.Qxf4 Rg4 31.Qb8+ Kg7 32.Qe5+ Kf8 33.Rd6 Qxb2 34.Qf6 Qb1+ 35.Kg2 Qe4+ 36.Kf1 Qb1+
37.Ke2 Qe4+ 38.Kd1 Qb1+ 39.Kd2 Qb2+ 40.Ke3  1-0

[Event "Velden op"]
[Site "Velden"]
[Date "1994.??.??"]
[Round "6"]
[White "Basagic, Zlatko"]
[Black "Palac, Mladen"]
[Result "1/2-1/2"]
[WhiteElo "2415"]
[BlackElo "2495"]

1.e4 c5 2.Nf3 d6 3.Bb5+ Bd7 4.Bxd7+ Nxd7 5.c4 Ngf6 6.Nc3 e6 7.O-O Be7 8.b3 Ne5
9.Ne1 O-O 10.f4 Nc6 11.Bb2 a6 12.d3 Nd7  1/2-1/2

[Event "Velden op"]
[Site "Velden"]
[Date "1994.??.??"]
[Round "7"]
[White "Borgo, Giulio"]
[Black "Zagrebelny, Sergey"]
[Result "0-1"]
[WhiteElo "2320"]
[BlackElo "2515"]

1.e4 c5 2.Nf3 d6 3.Bb5+ Bd7 4.Bxd7+ Nxd7 5.O-O Ngf6 6.Re1 e6 7.c4 Be7 8.b3 O-O
9.d4 cxd4 10.Nxd4 a6 11.Bb2 Qb6 12.Nc3 Nc5 13.Qf3 Nfd7 14.Rad1 Bf6 15.Qe3 Ne5
16.h3 Nxc4 17.bxc4 Qxb2 18.Rb1 Qa3 19.Nd5 Qxe3 20.Nxf6+ gxf6 21.Rxe3 Rfd8
22.Rb6 Rac8 23.Nb3 Rd7 24.f3 Rcc7 25.Nxc5 dxc5 26.Reb3 Kg7 27.Kf2 Kg6 28.g4 h5
29.Kg3 hxg4 30.hxg4 Rd4 31.Rxb7 Rxb7 32.Rxb7 Rxc4 33.Rc7 a5 34.a4 e5 35.Rc6 Rxa4
36.Rxc5 Ra1 37.Rc8 a4 38.Rg8+ Kh6 39.Rh8+ Kg7 40.Ra8 a3 41.Kg2 Kh6 42.Kg3 a2
43.Kg2 Kg7 44.Ra6 Kf8 45.Ra7 Ke8 46.Ra8+ Kd7 47.Ra7+ Kc6 48.Ra6+ Kc5 49.Ra8 Kc4
50.Ra7 Kc3 51.Rc7+ Kd3 52.Ra7 Ke3 53.Ra3+ Kf4 54.Ra7 Ke3 55.Ra3+ Kd2 56.Ra7 Kc3
57.Rc7+ Kd3  0-1

[Event "LTU-ch (Women)"]
[Site "Vilkaviskis"]
[Date "1994.??.??"]
[Round "9"]
[White "Stasiunaite, Lina"]
[Black "Rudaityte, Ilona"]
[Result "0-1"]
[WhiteElo "2160"]
[BlackElo "2140"]

1.e4 c5 2.Nf3 d6 3.Bb5+ Bd7 4.Bxd7+ Qxd7 5.O-O Nf6 6.Re1 e6 7.c4 Be7 8.d4 O-O
9.Nc3 Rd8 10.Bg5 h6 11.Bh4 Ne8 12.Bxe7 Qxe7 13.Qe2 Nc6 14.Rad1 Qf6 15.Qe3 b6
16.d5 Nb4 17.Rd2 e5 18.a3 Na6 19.Ne2 Rdb8 20.Qd3 Nac7 21.b4 cxb4 22.axb4 a5
23.bxa5 Rxa5 24.Rb2 Na6 25.Qc3 Qd8 26.Reb1 Nc5 27.Qe3 Nf6 28.Nd2 Nfd7 29.Ng3 Rba8
30.Nf5 Ra3 31.Nb3 Na4 32.Qg3 Qf6 33.Re2 Nac5 34.Qe3 Nxe4 35.Nxh6+ Qxh6 36.Qxh6 gxh6
37.Rxe4 Rxb3 38.Rg4+ Kf8  0-1

[Event "LTU-ch (Women)"]
[Site "Vilkaviskis"]
[Date "1994.??.??"]
[Round "11"]
[White "Milasiute, Vygante"]
[Black "Rudaityte, Ilona"]
[Result "1/2-1/2"]
[WhiteElo "2085"]
[BlackElo "2140"]

1.e4 c5 2.Nf3 d6 3.Bb5+ Bd7 4.Bxd7+ Qxd7 5.O-O Nf6 6.Re1 e6 7.c4 b6 8.d4 Qb7
9.Nc3 Be7 10.Bg5 h6 11.Bh4 O-O 12.h3 Rd8 13.Qd2 Ne8 14.Bxe7 Qxe7 15.Rad1 Na6
16.b3 Nac7 17.Qe3 Qf6 18.Rd2 Na6 19.Red1 Nb4 20.g3 Kh8 21.Kg2 Kg8 22.Ne1 Nc6
23.d5 Nd4 24.f4 e5 25.Nf3 Nxf3 26.Qxf3 Qe7 27.Rf2 Nf6 28.f5 a6 29.g4 Nh7
30.Qg3 Rdb8 31.a4 f6 32.h4 Kf7 33.Kf3 Ke8 34.Ke3 Rb7 35.Qf3 Qf7 36.Rg1 Rab8  1/2-1/2

[Event "Volgograd"]
[Site "Volgograd"]
[Date "1994.??.??"]
[Round "12"]
[White "Chachalev, Jurij"]
[Black "Shtyrenkov, Veniamen"]
[Result "1/2-1/2"]
[WhiteElo "2220"]
[BlackElo "2445"]

1.e4 c5 2.Nf3 d6 3.Bb5+ Nc6 4.O-O Bd7 5.Re1 a6 6.Bf1 e5 7.c3 Nf6 8.d4 cxd4
9.cxd4 Bg4 10.d5 Nd4 11.Be3 Nxf3+ 12.gxf3 Bh5 13.Kh1 Be7 14.Nd2 Qd7 15.a4 O-O
16.a5 h6 17.Qa4 Qxa4 18.Rxa4 Rac8 19.Kg2 Nd7 20.Rb4 Rc7 21.Rc4 Rxc4 22.Nxc4 f5
23.Be2 Nf6 24.Bd2 Bg6 25.Bd3 fxe4 26.Bxe4 Nxe4 27.fxe4 Rf6 28.Bb4 Bf8 29.f3 Bh5
30.Rf1 Be8 31.Rc1 Bb5 32.Kf2 g5 33.Ne3 h5 34.Rg1  1/2-1/2

[Event "Wrexham"]
[Site "Wrexham"]
[Date "1994.??.??"]
[Round "?"]
[White "Rayner, Francis"]
[Black "Abbasi, Nasser M"]
[Result "0-1"]
[WhiteElo "2285"]
[BlackElo "2280"]

1.e4 c5 2.Nf3 d6 3.Bb5+ Bd7 4.Bxd7+ Qxd7 5.c4 Nc6 6.O-O g6 7.d4 cxd4 8.Nxd4 Bg7
9.Be3 Nf6 10.f3 O-O 11.Nc3 Rac8 12.b3 e6 13.Qd2 a6 14.Nde2 Rfe8 15.Rad1 d5
16.cxd5 exd5 17.Nxd5 Nxd5 18.Qxd5 Qxd5 19.Rxd5 f5 20.Ng3 Nb4 21.Rd2 Rc3 22.Bd4 Rc2
23.Bxg7 Rxd2 24.Bc3 Rxa2 25.Bxb4 f4 26.Nh1 Rb2 27.Bd6 Rxb3 28.Bxf4 a5 29.Nf2 a4
30.Ng4 Ra8 31.Be5 a3 32.Rd1 a2 33.Nh6+ Kf8 34.Kf2 Ke8 35.Ke2 Rb1 36.Rd5 a1=Q
37.Bxa1 Raxa1 38.Ng4 h5 39.Nf6+ Kf7 40.e5 Ra2+ 41.Ke3 Rxg2 42.f4 Rxh2 43.Rd7+ Ke6
44.Rg7 Kf5 45.Nd5 Re1+ 46.Kf3 Rh3+ 47.Kf2 Rb1 48.Ne7+ Kxf4 49.Nxg6+ Kf5 50.e6 Rb2+
51.Kg1 Rg3+  0-1

[Event "ARM-ch"]
[Site "Yerevan"]
[Date "1994.??.??"]
[Round "?"]
[White "Yegiazarian, Arsen"]
[Black "Anastasian, Ashot"]
[Result "1/2-1/2"]
[WhiteElo "2400"]
[BlackElo "2545"]

1.e4 c5 2.Nf3 d6 3.Bb5+ Nd7 4.d4 cxd4 5.Qxd4 a6 6.Bxd7+ Bxd7 7.Nc3 e5 8.Qd3 h6
9.Nd2 Rc8 10.Nc4 Be6 11.Nd5 Nf6 12.Nxf6+ Qxf6 13.Ne3 Be7 14.O-O O-O 15.c4 Qh4
16.b3 Rc6 17.Ba3 Rfc8 18.Nd5 Bf8 19.Bb4 Bxd5 20.Qxd5 b5 21.cxb5 axb5 22.Rad1 Be7
23.g3 Qg4 24.Kg2 Rc2 25.h3 Qg6 26.Rd2 h5 27.Rxc2 Rxc2 28.a4 bxa4 29.bxa4 h4
30.g4 Rb2 31.Bc3 Rc2 32.Bb4  1/2-1/2